|
|
|
|
| LEADER |
01530nam a2200337 4500 |
| 001 |
DLU120132165 |
| 005 |
##20120228 |
| 040 |
# |
# |
|a DLU
|b vie
|
| 041 |
# |
# |
|a vie
|
| 044 |
# |
# |
|a vn
|
| 082 |
# |
# |
|a 364
|b DU-M
|
| 100 |
# |
# |
|a Dương Tuyết Miên,
|c TS.
|
| 245 |
# |
# |
|a Giáo trình tội phạm học :
|b Dùng trong các trường Đại học chuyên ngành luật, an ninh, công an /
|c Dương Tuyết Miên, Nguyễn Tuyết Mai, Nguyễn Văn Nam.
|
| 260 |
# |
# |
|a H. :
|b Giáo dục Việt Nam,
|c 2010.
|
| 300 |
# |
# |
|a 226 tr. ;
|c 24 cm.
|
| 504 |
# |
# |
|a Tài liệu tham khảo: tr.223-226.
|
| 505 |
# |
# |
|a Chương 1. Tổng quan về tội phạm học -- Chương 2. Quá trình hình thành và phát triển của tội phạm học -- Chương 3. Tình hình tội phạm -- Chương 4. Nguyên nhân tội phạm -- Chương 5. Phòng ngừa tội phạm -- Chương 6. Dự báo tội phạm -- Chương 7. Hình phạt học -- Chương 8. Nạn nhân của tội phạm -- Chương 9. Tội phạm cổ cồn trắng -- Chương 10. Phòng ngừa tội phạm ma tuý ở Việt Nam -- Chương 11. Phòng ngừa tội phạm kinh tế ở Việt Nam.
|
| 650 |
# |
# |
|a Tội phạm học
|v Giáo trình.
|
| 700 |
# |
# |
|a Nguyễn Tuyết Mai,
|c TS.
|
| 700 |
# |
# |
|a Nguyễn Văn Nam,
|c TS.
|
| 923 |
# |
# |
|a 01/2012CP
|
| 991 |
# |
# |
|a GT
|
| 992 |
# |
# |
|a 32000
|
| 994 |
# |
# |
|a KCP
|
| 900 |
# |
# |
|a True
|
| 911 |
# |
# |
|a Nguyễn Thanh Hương
|
| 925 |
# |
# |
|a G
|
| 926 |
# |
# |
|a A
|
| 927 |
# |
# |
|a SH
|
| 980 |
# |
# |
|a Thư viện Trường Đại học Đà Lạt
|